00498nmm a2200157Ia 4500008004100000020001800041041000800059100003400067245005500101264004800156300001800204650004300222856005100265942000700316999001700323251105s9999||||xx |||||||||||||||||und|| a9789580612711 aspa aOspina Ovalle, Carlos Alberto 0aBatallas no contadas : La derrota militar del M-19 a[Bogotá, Colombia] :bOveja Negra, c2014 a288 páginas aHistory of the Americas: Latin America uhttps://public.digitaliapublishing.com/a/37770 cCF c94920d94920